Statistics for Harry Potter "E" Characters

Click here to take the quiz!

General Stats

  • This quiz has been taken 123 times
  • The average score is 5 of 9

Answer Stats

HintAnswer% Correct
The Weasleys' ancient owlErrol
92%
The Half-Blood Prince's MotherEileen Prince
82%
Dumbledore's oldest friendElphias Doge
79%
Harry's somewhat pompous friendErnie Macmillan
73%
Drove the Knight BusErnie Prang
67%
Death Eater who took a piece of Mad-Eye Moody with himEvan Rosier
43%
Tried to curse off her acneEloise Midgeon
40%
One of Hogwarts most famed headmastersEverard
25%
First year Gryffindor frightened of HarryEuan Abercrombie
20%

Score Distribution

Percentile by Number Answered

Percent of People with Each Score

Your Score History

You have not taken this quiz